=LDR 00000nam 2200000 4500 =001 INLIS000000000045174 =005 20141231161729.0 =006 =007 =008 =020 ##$$a 978-602-8357-05-0 =035 ##$$0010-121400000000324 =082 ##$$a 371-Suw-s =100 ##$$a Suwati =245 ##$$a Sekolah bukan untuk mencari pekerjaan =260 ##$$a Jakarta $b Pustaka Grafika $c 2008 =300 ##$$a 186 Hlm $c 21 Cm =850 ##$$aNBPNMAT =990 ##$$a 0001/BPAP-NTB/20142014 =990 ##$$a 21602178/BPAP-NTB/2017